Bilecik Bilecik Bilecik Bilecik Bilecik

Nostradamus 1992'den 2001'e kehanetler/ (Record no. 33838)

MARC details
000 -BAŞLIK
Sabit Uzunluktaki Kontrol Alanı 00952nam a22003137a 4500
001 - KONTROL NUMARASI
Control Dosyası 0033838
003 - KONTROL NUMARASI KİMLİĞİ
Kontrol Alanı KOHA_MİRAKIL
005 - EN SON İŞLEM TARİHİ ve ZAMANI
Kontrol Alanı 20260207002903.0
007 - FİZİKSEL TANIM SABİT ALAN - GENEL BİLGİ
Sabit uzunluklu kontrol alanı ta
008 - SABİT UZUNLUKTAKİ VERİ ÖGELERİ - GENEL BİLGİ
Sabit Alan 111124b1992 tu a|||gr||||#||||0|tur |
020 ## - ISBN - ULUSLARARASI STANDART KİTAP NUMARASI
Isbn 9755061045
Kullanılabilirlik koşulları 3,5
040 ## - KATALOGLAMA KAYNAĞI
Özgün Kataloglama Kurumu TR-BiSEU
Kataloglama Dili tur
Çeviri Kurumu TR-BiSEU
Açıklama Kuralları rda
041 0# - DİL KODU
Metin ya da ses kaydının dil kodu tur
044 ## - YAYINLAYAN/ÜRETEN KURULUŞUN ÜLKE KODU
ISO country code tu
050 ## - SINIFLAMA ve YER NUMARASI
Sınıflama Numarası BF1815
Yer Numarası .H49 1992
100 1# - KİŞİ ADI
Yazar Adı (Kişi adı) Hewitt, V.J..
245 1# - ESER ADI BİLDİRİMİ
Başlık Nostradamus 1992'den 2001'e kehanetler/
Sorumluluk Bildirimi V.J. Hewitt ; V.J. Hewitt; çev. Murat Kamacıoğlu.
264 #1 - ÜRERİM, YAYIN, DAĞITIM ve TELİF BİLDİRİMİ
Yayın yeri İstanbul :
Yayınlayan Milliyet yayınları
Yayın tarihi 1992
300 ## - FİZİKSEL TANIMLAMA
Sayfa, Cilt vb. 200 sayfa :
Diğer fiziki detaylar tbl., res. ;
Boyutları 20 cm.
336 ## - İÇERİK TÜRÜ
Content type term metin
Content type code txt
Source rdacontent
337 ## - MEDYA TÜRÜ
Media type term aracısız
Media type code n
Source rdamedia
338 ## - TAŞIYICI TÜRÜ
Carrier type term cilt
Carrier type code nc
Source rdacarrier
490 1# - DİZİ BİLDİRİMİ
Dizi Bildirimi Milliyet yayınları ;
Cilt Numarası 148
650 #0 - KONU BAŞLIĞI EK GİRİŞ - KONU TERİMİ
Konusal terim veya coğrafi ad Nostradamus, 1503-1566.
9 (RLIN) 65549
650 #0 - KONU BAŞLIĞI EK GİRİŞ - KONU TERİMİ
Konusal terim veya coğrafi ad Prohecies.
9 (RLIN) 65550
650 #0 - KONU BAŞLIĞI EK GİRİŞ - KONU TERİMİ
Konusal terim veya coğrafi ad Kehanetler.
9 (RLIN) 65551
830 1# - SERİ EK GİRİŞİ - TEKBİÇİM ESER ADI
Tekbiçim Başlık Milliyet yayınları ;
Volume number/sequential designation 148
9 (RLIN) 7159
942 ## - EK GİRİŞ ÖGELERİ (KOHA)
Source of classification or shelving scheme Library of Congress Classification
Koha item type Book
Holdings
Materyal Türü Kalıcı Konum Mevcut Konum Raf Yeri Sınıflandırma Kaynağı Edinim Bilgisi Ana Konular Alt Konular Yer Numarası Demirbaş Numarası Fatura Tarihi Maliyet, Alış Fiyatı Maliyet, Yenileme Fiyatı Geri Çekilme Durumu Kayıp Durumu Hasarlı Durumu Kredi için değil Kayıt Tarih Toplam Ödünçverme Son Görülme Tarihi Son Kontrol Tarihi Genel / Bağış Notu
Book Prof. Dr. Azmi Özcan Kütüphanesi Prof. Dr. Azmi Özcan Kütüphanesi Uluğbey Salonu Library of Congress Classification Bağış FELSEFE, PSİKOLOJİ, DİN Psikoloji BF1815 .H49 1992 0033838 02/02/2026 3.50 3.50         24/11/2011   05/12/2024 05/12/2024 Gürsel Çınar